Countries in FIFA World Cup 1982 - Statistics

General Stats
  • This quiz has been taken 80 times
  • The average score is 19 of 24
Answer Stats
Rank Country % Correct
Champions (1st Place) Italy
100%
Runners-Up (2nd Place) West Germany
98%
5th Place Brazil
97%
11th Place Argentina
93%
Host (12th Place) Spain
93%
3rd Place Poland
92%
4th Place France
90%
6th Place England
88%
7th Place Soviet Union
88%
10th Place Belgium
85%
22nd Place Chile
85%
14th Place Hungary
81%
16th Place Yugoslavia
80%
8th Place Austria
75%
20th Place Peru
75%
13th Place Algeria
69%
15th Place Scotland
69%
19th Place Czechoslovakia
68%
24th Place El Salvador
68%
9th Place Northern Ireland
68%
17th Place Cameroon
66%
21st Place Kuwait
66%
18th Place Honduras
63%
23rd Place New Zealand
56%
No matching quizzes found
Score Distribution
Percent of People with Each Score
Percentile by Number Answered
Your Score History
You have not taken this quiz